|
|
|
|
| LEADER |
01146nam a2200361 a 4500 |
| 001 |
000597625 |
| 003 |
CZ BrMZK |
| 005 |
20190712154913.0 |
| 007 |
ta |
| 008 |
020430s2002 xr f cze d |
| 015 |
|
|
|a cnb001176615
|
| 020 |
|
|
|a 80-86036-58-8
|
| 035 |
|
|
|a (OCoLC)53261759
|
| 040 |
|
|
|a BOA001
|b cze
|
| 072 |
|
7 |
|a 11
|x Metafyzika
|2 Konspekt
|9 5
|
| 080 |
|
|
|a 111
|2 MRF
|
| 080 |
|
|
|a 17
|2 MRF
|
| 080 |
|
|
|a 11
|2 MRF
|
| 080 |
|
|
|a (048.8)
|2 MRF
|
| 100 |
1 |
|
|a Říha, Karel,
|d 1923-2016
|7 jn99240001710
|4 aut
|
| 245 |
1 |
0 |
|a Identita a relevance /
|c Karel Říha
|
| 250 |
|
|
|a 1. vyd.
|
| 260 |
|
|
|a Svitavy :
|b Trinitas,
|c 2002
|
| 300 |
|
|
|a 162 s. ;
|c 21 cm
|
| 504 |
|
|
|a Obsahuje bibliografii
|
| 650 |
0 |
7 |
|a ontologie (filozofie)
|7 ph123746
|2 czenas
|
| 650 |
0 |
7 |
|a etika
|7 ph114488
|2 czenas
|
| 650 |
0 |
7 |
|a metafyzika
|7 ph115266
|2 czenas
|
| 655 |
|
7 |
|a studie
|7 fd133597
|2 czenas
|
| 910 |
|
|
|a BOA001
|b 2-1102.710
|
| 990 |
|
|
|a BK
|
| 996 |
6 |
|
|b 2610160362
|c 2-1102.710
|l MZK
|r Sklad / do 1 hodiny
|n 0
|p kup
|w 000597625
|u 000010
|a 1
|e BOA001
|j MZK50
|s P
|
| 996 |
7 |
|
|b 2610167394
|c 2-1102.710
|l MZK
|r Sklad / do 1 hodiny
|n 8
|p p.v.
|w 000597625
|u 000020
|a 1
|e BOA001
|j MZK50
|s A
|